El arte de los Lagarto, iluminadores novohispanos de los siglos XVI y XVII : un rescate de la fantasía /
Salvato in:
| Autore principale: | |
|---|---|
| Altri autori: | |
| Natura: | Libro |
| Lingua: | spagnolo |
| Pubblicazione: |
México :
Banco Nacional de México, Fomento Cultural,
1988, c1988
|
| Soggetti: | |
| Tags: |
Nessun Tag, puoi essere il primo ad aggiungerne!!
|
MARC
| LEADER | 00000nam^a2200000^a^4500 | ||
|---|---|---|---|
| 001 | 000411483 | ||
| 005 | 20250526000000.0 | ||
| 008 | 190426 | ||
| 009 | 20260310122114.379 | ||
| 020 | |a 968-7009-15-2 | ||
| 037 | |a Acervo ITESO - Biblioteca | ||
| 041 | |a ESP | ||
| 082 | |a 745. 67097203 |b LAG | ||
| 100 | |a Lagarto, Luis |e (artista) | ||
| 245 | 1 | 3 | |a El arte de los Lagarto, iluminadores novohispanos de los siglos XVI y XVII : |b un rescate de la fantasía / |c Artista L. Lagarto ; texto de G. Tovar y de Teresa. |
| 264 | 4 | |a México : |b Banco Nacional de México, Fomento Cultural, |c 1988, c1988 | |
| 300 | |a 239 p. + |e 10 láminas ; |c 34.0 cm. | ||
| 336 | |a texto |b txt |2 rdacontenido | ||
| 337 | |a sin mediación |b n |2 rdamedio | ||
| 338 | |a volumen |b nc |2 rdasoporte | ||
| 649 | |a XX | ||
| 650 | |a Miniaturas - |z México - |x Historia y Crítica | ||
| 650 | |a Ilustración de Libros y Manuscritos - |z México - |x Tema Principal | ||
| 650 | |a Ilustración de Libros y Manuscritos - |z México - |x Historia y Crítica | ||
| 650 | |a Libros Ilustrados - |z México - |x Historia y Crítica | ||
| 650 | |a Manuscritos - |z México - |x Tema Principal | ||
| 650 | |a Manuscritos - |z México - |x Historia y Crítica | ||
| 650 | |a Arte Manierista - |z México - |x Historia y Crítica - |x Tema Principal | ||
| 650 | |a Arte Renacentista - |z México - |x Historia y Crítica | ||
| 650 | |a Arte Virreinal - |z México - |x Historia y Crítica | ||
| 650 | |a Arte Mexicano - |x Historia y Crítica | ||
| 650 | |a Arte Mexicano - |y Siglo XVI | ||
| 650 | |a Arte Mexicano - |y Siglo XVII | ||
| 650 | |a México - |x Historia - |y Epoca Colonial, 1517-1821 | ||
| 650 | |a Lagarto, Luis - |x Tema Principal | ||
| 650 | |a Lagarto de Paz, Familia - |x Tema Principal | ||
| 740 | 0 | |a El arte de los Lagarto, iluminadores novohispanos de los siglos XVI y XVII : |b un rescate de la fantasía : láminas / Artista L. Lagarto. | |
| 700 | |a Tovar y de Teresa, Guillermo |e (texto) | ||
| 910 | |a Fondo General | ||
| 920 | |a Impresos - Libros | ||
| 930 | |a Libros Antiguos y Raros | ||
| 905 | |a 108 | ||
| 901 | |a 0500320183 |b IT2 |c LRA |i D76455 |u 20250526 | ||
| 901 | |a 0500320186 |b IT2 |c LRA |i D76455 |u 20250526 | ||
| 901 | |a 0500320189 |b IT2 |c LRA |i D76455 |u 20250526 | ||
| 901 | |a 0500320130 |b IT2 |c LRA |i D76455 |u 20250526 | ||
| 901 | |a 0500320133 |b IT2 |c LRA |i D76455 |u 20250526 | ||
| 901 | |a 0500320136 |b IT2 |c LRA |i D76455 |u 20250526 | ||
| 901 | |a 0500320139 |b IT2 |c LRA |i D76455 |u 20250526 | ||
| 901 | |a 0500320142 |b IT2 |c LRA |i D76455 |u 20250526 | ||
| 901 | |a 0500320145 |b IT2 |c LRA |i D76455 |u 20250526 | ||
| 901 | |a 0500320148 |b IT2 |c LRA |i D76455 |u 20250526 | ||
| 901 | |a 0500320151 |b IT2 |c LRA |i D76455 |u 20250526 | ||
| 902 | |a https://opac.biblio.iteso.mx/vufind/Record/000411483 | ||